02490nam a2200289 a 4500001001500000005001700015008004100032020003500073020003000108040000600138050001100144082002200155100001900177245003900196250001200235260002900247300002100276490004900297520153900346650001901885650002401904830004901928856008201977942001202059999001702071952011202088ASIN074564206320170105102929.0140115s2008 xxu eng d a0745642063 (hardcover)c$59.95 a9780745642062 (hardcover) a004aJZ553804a327.172bDIE 20081 aDiehl, Paul F.10aPeace operations /cPaul F. Diehl. a1st ed. a[S.l.] :bPolity,c2008. a188 p. ;c21 cm.1 aWcmw - war and conflict in the modern world. aPeacekeeping has gradually evolved to encompass a broad range of different conflict management missions and techniques, which are incorporated under the term "peace operations." Well over 100 missions have been deployed, the vast majority within the last twenty years. This book provides an overview of the central issues surrounding the development, operation, and effectiveness of peace operations. Among many features, the book: * Traces the historical development of peace operations from their origins in the early 20th century through the development of modern peacebuilding missions. * Tracks changes over time in the size, mission, and organization of peace operations. * Analyses different organizational, financial, and troop provisions for peace operations, as well as assessing alternatives. * Lays out criteria for evaluating peace operations and details the conditions under which such operations are successful. As peace operations become the primary mechanism of conflict management used by the UN and regional organizations, understanding their problems and potential is essential for a more secure world. Drawing on a wide range of examples from those between Israel and her neighbors to more recent operations in Somalia and the Congo, this book brings together the body of scholarly research on peace operations to address those concerns. It will be an indispensable guide for students, practitioners and general readers wanting to broaden their knowledge of the possibilities and limits of peace operations today. 0aPeace-building 0aPeacekeeping forces 0aWcmw - war and conflict in the modern world.403Amazon.comuhttp://www.amazon.com/exec/obidos/ASIN/0745642063/chopaconline-20 2ddccBK c15997d15997 001040708NFICaCIPSbCIPScGENd2013-11-21l0o327.172 DIE 2008pCIPS0002469r2014-01-15w2014-01-15yBK